name the billie eilish song from the first lyric - Statistics

General Stats
  • This quiz has been taken 530 times
    528 since last reset
  • The average score is 10 of 12
Answer Stats
Hint Answer % Correct
things fall apart and time breaks your heart WILDFLOWER
95%
i used to float, now i just fall down what was i made for
92%
white shirt now red, my bloody nose bad guy
89%
i'm trying my best THE GREATEST
89%
i don't wanna talk right now TV
89%
it's not true, tell me i've been lied to i love you
87%
fell in love for the first time SKINNY
84%
i've been watchin' you for some time ocean eyes
81%
to take my love away CHIHIRO
78%
what is it about them? xanny
76%
don't be that way idontwannabeyouanymore
75%
the games you played were never fun bored
72%
No matching quizzes found
Score Distribution
Percent of People with Each Score
Percentile by Number Answered
Your Score History
You have not taken this quiz since the last reset